Представление документа в формате MARC21

Поле Инд. ПП Название Значение
Тип записи a
Библиографический уровень m
001 Контрольный номер RU/LIBMSTU/314368096
005 Дата корректировки 20200427153220.5
008 Кодируемые данные 091218|||||||||ru |||||||||||000|||rus||
020 a ISBN 978-5-7598-0608-0
c Цена, тираж 86-13
040 b Код языка каталог. rus
041 0_ a Код языка текста rus
084 a Индекс другой классификации/Индекс ББК 67.400+67.401.0я7
090 a Полочн. индекс 67.400
x Авторский знак Д 18
100 1_ a Автор Данилов С. Ю.
245 10 a Заглавие Конституционная экономика в зарубежных странах
b Продолж. заглавия учеб. пособие
c Ответственность Гос. ун-т - Высш. шк. экономики
260 a Место издания Москва
b Издательство ГУ ВШЭ
c Дата издания 2008
300 a Объем 144, [1] с.
504 a Библиография Библиогр.: с. 116-122
650 04 a Основная рубрика Экономика зарубежных стран-Конституционные нормы-Учебные издания для высших учебных заведений
651 _4 a Географическое наименование Греция
651 _4 a Географическое наименование Бразилия
651 _4 a Географическое наименование Индия
651 _4 a Географическое наименование Германия
651 _4 a Географическое наименование США
651 _4 a Географическое наименование Финляндия
651 _4 a Географическое наименование Эстония
651 _4 a Географическое наименование Швеция
653 0_ a Ключевые слова Институты государственной власти
a Ключевые слова Казначейство
a Ключевые слова Конституционная экономика
a Ключевые слова Корпорации государственные
a Ключевые слова Торгово-промышленная палата
901 t Тип документа m
952 c Вид литературы учебное пособие